000
00313nam a22001217a 4500
008
230703b xxu||||| |||| 00| 0 eng d
082
_a
342.16
_b
IPU 1996
245
_a
Constitutional & Parliamentary Information
260
_b
Inter-Parliamentary Union
_c
1996
300
_a
293p
440
_n
172
942
_2
ddc
_c
BK
999
_c
3231
_d
3231